| 000 | 00445nam a22001697a 4500 | ||
|---|---|---|---|
| 003 | NUST - PNEC | ||
| 005 | 20170116180844.0 | ||
| 008 | 150822b xxu||||| |||| 00| 0 eng d | ||
| 020 | _a9780007902125 | ||
| 040 | _cLIBRARY | ||
| 082 | _a398.2452 COL | ||
| 100 |
_95442 _aCollins Classics |
||
| 245 |
_aAesop's fables _cCollins classics |
||
| 260 |
_aLondon: _bHyper Press, _cc2011. |
||
| 650 |
_95443 _aFables, Greek _xGeneral |
||
| 942 |
_2ddc _cBK |
||
| 999 |
_c64448 _d64448 |
||